00548 2200205 4500001002100000005001500021035002000036245008100056100001500137250000600152300003500158856004500193260002800238082000800266084001400274020002200288650001000310650001000320990001200330INLIS00000000000197520250526095642 a0010-05250002671 aTerus Gue Musti Bilang Wow Gitu :bBacaan Komedi Paling Gaholl /cPutra Alam0 aPutra Alam a1 a150 :bIlust ;c13,5 x 19,5 cm aRuang Baca Umum No Klas 800 ( Rak 3,4,5) aJakarta :bZettu,c2012 a813 a813 PUT t a978-602-7735-09-5 4aNovel 4aNovel a0754539